000 00275nam a2200121 i 4500
001 bg
245 0 _aKibernetika vycislitelnaja technika. Vypusk 12.
260 _aKiev,
_c1971.
040 _cBPK
041 _apol
942 _cKS
008 s pl f |000 0 pol
999 _c14159
_d14159
856 _uhttp://koha.tu.koszalin.pl/cgi-bin/koha/opac-detail.pl?biblionumber=14159
_yKatalog online BPK